| 000 | 00804nam a2200217 a 4500 | ||
|---|---|---|---|
| 005 | 20240511063704.0 | ||
| 008 | 991125c1994 mx 000 0 spa u | ||
| 020 | _a9706073477 | ||
| 035 | _aUPN01000010035 | ||
| 049 | _aLT | ||
| 050 | 4 |
_aLB1555 M6.2 _bV5.2 1994 LE |
|
| 100 | 1 |
_aVidales Delgado, Ismael, _d1943- _929623 |
|
| 245 | 1 | 0 |
_aComplemento Larousse : _bauxiliar didáctico para segundo grado de primaria de acuerdo con el programa oficial / _cIsmael Vidales Delgado. |
| 260 |
_aMéxico : _bLarousse, _c1994. |
||
| 300 |
_a370 p. : _bil. |
||
| 500 | _a"Libro del alumno" | ||
| 650 | 4 |
_aCiencias naturales _xEstudio y enseñanza (Elemental) _92812 |
|
| 650 | 4 |
_aEspañol _xEstudio y enseñanza (Elemental) _92806 |
|
| 650 | 4 |
_aMatemáticas _xEstudio y enseñanza (Elemental) _92809 |
|
| 905 | _aLibro | ||
| 999 |
_c10035 _d10035 |
||